Preliminary studies on the preservation of rubber wood by diffusion treatment (Record no. 50136)

MARC details
000 -LEADER
fixed length control field 00472nam a2200169Ia 4500
100 ## - MAIN ENTRY--AUTHOR NAME
Personal name Jose V.T.
245 #0 - TITLE STATEMENT
Title Preliminary studies on the preservation of rubber wood by diffusion treatment
260 ## - PUBLICATION, DISTRIBUTION, ETC. (IMPRINT)
Name of publisher Rubber Board Bulletin
Year of publication 1989
300 ## - PHYSICAL DESCRIPTION
Number of Pages 16-Nov
650 ## - SUBJECT ADDED ENTRY--TOPICAL TERM
Topical Term Diffusion
650 ## - SUBJECT ADDED ENTRY--TOPICAL TERM
Topical Term Rubber wood preservation
700 ## - ADDED ENTRY--PERSONAL NAME
Personal name Jayarathnam K.
700 ## - ADDED ENTRY--PERSONAL NAME
Personal name Nehru C.R.
700 ## - ADDED ENTRY--PERSONAL NAME
Personal name Rajalakshmy V.K.
942 ## - ADDED ENTRY ELEMENTS (KOHA)
Koha item type Bibliography STAF
Holdings
Withdrawn status Lost status Damaged status Not for loan Home library Current library Shelving location Date acquired Serial Enumeration / chronology Koha item type
      Bibliography RRII Library RRII Library Pathology 09/04/2014 Volume 25, Issue 2 Bibliography STAF